|
|
|
|
| LEADER |
01016aam a22003258a 4500 |
| 001 |
00031876 |
| 005 |
20171026081025.0 |
| 008 |
140319s2013 ||||||viesd |
| 020 |
# |
# |
|a 9786045003558
|
| 041 |
0 |
# |
|a vie
|
| 082 |
1 |
4 |
|a 305.800 959 7
|b T455QU
|
| 100 |
1 |
# |
|a Hoàng, Nam
|
| 245 |
1 |
0 |
|a Tổng quan văn hóa truyền thống các dân tộc Việt Nam
|c Hoàng Nam
|n Quyển 2
|
| 260 |
# |
# |
|a Hà Nội
|b Văn hóa thông tin
|c 2013
|
| 300 |
# |
# |
|a 675 tr.
|c 21 cm.
|
| 500 |
# |
# |
|a ĐTTS ghi: Hội Văn nghệ dân gian Việt Nam
|
| 504 |
# |
# |
|a Thư mục: tr. 643-656.- Phụ lục: tr. 661-663
|
| 653 |
# |
# |
|a Dân tộc
|
| 653 |
# |
# |
|a Đời sống
|
| 653 |
# |
# |
|a Văn hóa
|
| 653 |
# |
# |
|a Việt Nam
|
| 653 |
# |
# |
|a Truyền thống
|
| 852 |
# |
# |
|j KD.0015533
|
| 852 |
# |
# |
|b Kho đọc
|j KD.0015533
|
| 910 |
# |
# |
|d 18/3/2014
|
| 980 |
# |
# |
|a Trung tâm Học liệu Lê Vũ Hùng, Trường Đại học Đồng Tháp
|